LEADER 01591nam a2200301 u 4500 001 000000115790 003 CaOOAMICUS 005 20090522122537.0 008 090522s2008 dcu u000 u eng r 020 $a1-56518-240-5 020 $z978-1-56518-240-0* 040 $aPUL$bita$dLDB 245 00$aCommunication across cultures :$bthe hermeneutics of cultures and religion in a global age /$cedited by Chibueze C. Udeani ... [et al.]. 260 $aWashington, D.C. :$bCouncil for research in values philosophy,$cc2008. 300 $aiv, 282 p. ;$c23 cm. 490 1 $aCultural heritage and contemporary change.$a7, Seminars on culture and values ;$v26 504 $aInclude riferimenti bibliografici. 650 4$aDialogo interreligioso.$0(OLS)http://pul/subject/33329 650 4$aReligione e cultura.$0(OLS)http://pul/subject/4918 700 1 $aUdeani, Chibueze C.$0(OLS)http://pul/name/71819 830 0$aCultural heritage and contemporary change.$n7,$pSeminars on culture and values ;$v26.$0(OLS)http://pul/title/145486 850 $aPUL 852 $aPUL$W1$xDP2 Filosofia 3$y112$m100 RVP 7.26$j132684$qDDC 21$B131680$CPULBib$Z2$F131680 $H110559 $82 941 1 $a9 996 $6020$z978-1-56518-240-0*$9(OLS)http://pul/number/140762 996 $6020$a1-56518-240-5$9(OLS)http://pul/number/140763 996 $6245$aCommunication across cultures :$bthe hermeneutics of cultures and religion in a global age$9(OLS)http://pul/title/145492 996 $6260$aWashington, D.C. :$bCouncil for research in values philosophy$9(OLS)http://pul/publisher/80095 LEADER 01565nam a2200313 a 4500 001 000000135206 003 CaOOAMICUS 005 20130823132648.0 008 130823s2004 it u000 u ita r 020 $a88-430-3082-5 040 $aPUL$bita 082 04$a262.1 100 1 $aCuggiò, Nicolò Antonio,$d1661-1739.$0(OLS)http://pul/name/87099 245 10$aDella giurisdittione e prerogative del Vicario di Roma /$copera del canonico Nicolò Antonio Cuggiò segretario del tribunale di Sua Eminenza ; a cura di Domenico Rocciolo. 260 $aRoma :$bCarocci,$c©2004. 300 $a415 p. ;$c22 cm. 490 1 $aUniversità degli Studi di Roma Tre. Dipartimento di studi storici, geografici e antropologici. Studi e ricerche ;$v10 504 $aBibliografia p. [377]-398. 650 4$aCuria Romana$xStoria.$0(OLS)http://pul/subject/10982 700 1 $aRocciolo, Domenico.$0(OLS)http://pul/name/87096 830 0$aStudi e ricerche (Università degli Studi di Roma Tre. Dipartimento di studi storici, geografici e antropologici) ;$v10.$0(OLS)http://pul/title/98509 850 $aPUL 852 $aPUL$W1$xSL Religione 3$y85$m262. 1 CUGNI 1$j155707$qDDC 21$B155207$CPULBib$Z2$F155207 $H122788 $82 941 1 $a9 996 $6020$a88-430-3082-5$9(OLS)http://pul/number/153417 996 $6082$a262.1$9(OLS)http://pul/classification/2551 996 $6245$aDella giurisdittione e prerogative del Vicario di Roma$9(OLS)http://pul/title/170986 996 $6260$aRoma :$bCarocci$9(OLS)http://pul/publisher/66917